000 00832nam a2200265Ia 4500
003 OSt
005 20220923224920.0
006 a|||||r|||| 00| 0
007 ta
008 220922b |||||||| |||| 00| 0 hin d
020 _c20
024 _a253,591
037 _cTextual
040 _aARTS
_cARTS
_bhin
041 _2hin
_ahin
082 _aO152,3N271,TK, L1;L6
100 _aजैन, आनन्दप्रकाश
245 0 _aतॉंबे के पैसे
246 _aTaॉanbe ke paise
260 _aदिल्ली
_b लिपि प्रकाशन
_c1976
300 _a338पृ.
_ccm.
650 _aहिन्दी साहित्य
_9156264
942 _hO152,3N271,TK, L1;L6
_cTEXL
_2CC
999 _c374647
_d374647